The essence of computing projects a student´s guide

Gespeichert in:
Bibliographische Detailangaben
1. Verfasser: Dawson, Christian W (Verfasst von)
Format: Buch
Sprache:Englisch
Veröffentlicht: Harlow : Prentice Hall, 2000
Schlagworte:
Tags: Tag hinzufügen
Keine Tags, Fügen Sie das erste Tag hinzu!

MARC

LEADER 00000nam a22000003a 4500
001 stu55862
005 20150617225655.2
008 001212s2000----uk------------------eng-d
020 |a 0-13-021972-X 
040 |a STU  |b slo 
041 0 |a eng 
044 |a uk 
080 |a 001.8  |7 stu_us_auth*stu7852 
100 1 |a Dawson, Christian W  |4 aut 
245 1 |a The essence of computing projects a student´s guide 
260 |a Harlow :  |b Prentice Hall,  |c 2000 
300 |a 176 s 
650 7 |a tvorba projektov  |2 stusub 
650 7 |a riadenie projektov  |2 stusub 
650 7 |a technika referovania  |2 stusub 
996 |b I5363  |c I*5363  |l II680  |s A  |a 24  |w stu55862_0001